000 00566nam a22001937a 4500
003 CEME
005 20210628204105.0
008 210112b xxu||||| |||| 00| 0 eng d
020 _a9780070634336
040 _cceme
082 _a621.38132 NEA
100 _aNeamen, Donald A
_959734
245 _aElectronic circuits , analysis and design
250 _a3RD
260 _aNEW DELHI
_bTATA MCGRAW HILL
_c2012
300 _aXXI, 1351P
650 _aELECTRONIC CIRCUITS.ELECTRONIC CIRCUITS-ANALYSIS .ELECTRONIC CIRCUITS-ANALYSIS DESIGN.
_968692
942 _cBK
_2ddc
999 _c576189
_d576189